00864nam a22002297a 450000500170000000800410001702000150005804100080007304400070008108200170008811000590010524501200016426000310028430000560031549000380037150400530040965000570046265000480051965100350056794200170060299900150061920140311115848.0140311t2001 ck abdogr 00010 spa d a95896972240 aspa ack04a591.77bI62g2 aInstituto de Investigaciones Marinas y Costeras91993310aGorgona marinabcontribución al conocimiento de una isla únicacInstituto de Investigaciones Marinas y Costeras3 aSanta MartabInvemarc2001 a160 p.bil., fot., mapas, tablas, gráficasc34 cm aSerie Publicaciones Especialesv7 aIncluye bibliografía al final de cada capitulo 4aComunidades marinaszGorgona (Isla, Colombia)920048 4aEcologíazGorgona (Isla, Colombia)920049 4aGorgonazIsla, Colombia920050 2ddccImpreso c8262d8262